000 01282nam a22003497a 4500
001 BR0501356
003 BR-BrBNA
005 20230928101835.0
007 ta
008 230509b bl.||||| |||| 00| 0 por d
040 _aBR-BrBNA
_bpor
_cBiblioteca Nacional de Agricultura
041 _a(Por)
072 _aE14; E40; E71
_b0430
090 _ 0430 BR0501356
110 1 _aDepartamento Nacional de Cooperativismo, Brasília, DF (Brasil)
_93274
245 1 _aProjeto de viabilidade técnica, econômica e financeira da implantação de uma unidade industrial de fiação de algodão para a produção de fios penteados com capacidade para 2.200 ton/ano pela COCARI - Cooperativa dos Cafeicultores de Mandaguari Ltda. em Mandaguari-PR
_bAcordo-Quadro de Cooperação Econômica e Tecnológica Brasil - Itália
260 3 _aBrasília, DF (Brasil):
_cnd..
300 _a295 p.
500 _a94 tables; 27 illus.
650 _aALGODÃO
650 _aPROJETO DE DESENVOLVIMENTO
650 _aCOOPERATIVA
650 _aINDÚSTRIA TÊXTIL
650 _aMERCADO INTERNACIONAL
650 _aMERCADO NACIONAL
650 _aCUSTO
650 _aINVESTIMENTO
650 _aANÁLISE ECONÔMICA
650 _aPARANÁ
909 _a202309
_bLucia
_c55
_dLucia Elande
942 _cBK
999 _c67840
_d67840